The Turn : (Record no. 22102)

MARC details
000 -LEADER
fixed length control field 00899nam a22003137a 4500
003 - CONTROL NUMBER IDENTIFIER
control field IBSLLIB
005 - DATE AND TIME OF LATEST TRANSACTION
control field 20260511092250.0
008 - FIXED-LENGTH DATA ELEMENTS--GENERAL INFORMATION
fixed length control field 260511b |||||||| |||| 00| 0 eng d
020 ## - INTERNATIONAL STANDARD BOOK NUMBER
International Standard Book Number 0671707833
040 ## - CATALOGING SOURCE
Original cataloging agency IBSLLIB
Language of cataloging English
041 ## - LANGUAGE CODE
Language code of original Eng
082 ## - DEWEY DECIMAL CLASSIFICATION NUMBER
Classification number 909
Item number OBE
100 ## - MAIN ENTRY--PERSONAL NAME
Personal name Oberdorfer , Don
245 ## - TITLE STATEMENT
Title The Turn :
Remainder of title From the cold war to a new era the united states and the soviet union 1983-1990
260 ## - PUBLICATION, DISTRIBUTION, ETC. (IMPRINT)
Place of publication, distribution, etc. New York :
Name of publisher, distributor, etc. Poseidon Press ,
Date of publication, distribution, etc. 1991
300 ## - PHYSICAL DESCRIPTION
Extent 514 p ;
Other physical details 24 cm
505 ## - FORMATTED CONTENTS NOTE
Formatted contents note A candle in the cold
505 ## - FORMATTED CONTENTS NOTE
Formatted contents note The Ebb Tide
505 ## - FORMATTED CONTENTS NOTE
Formatted contents note The Chernenko Interlude
505 ## - FORMATTED CONTENTS NOTE
Formatted contents note Gorbachev takes command
505 ## - FORMATTED CONTENTS NOTE
Formatted contents note High stakes at Reykjavik
505 ## - FORMATTED CONTENTS NOTE
Formatted contents note To the washington summit
505 ## - FORMATTED CONTENTS NOTE
Formatted contents note The Revolution 1989
650 ## - SUBJECT ADDED ENTRY--TOPICAL TERM
Topical term or geographic name as entry element History , Geography
650 ## - SUBJECT ADDED ENTRY--TOPICAL TERM
Topical term or geographic name as entry element World history
653 ## - INDEX TERM--UNCONTROLLED
Uncontrolled term Foreign relations
653 ## - INDEX TERM--UNCONTROLLED
Uncontrolled term soviet union
942 ## - ADDED ENTRY ELEMENTS (KOHA)
Koha item type Lending Book
Holdings
Withdrawn status Lost status Damaged status Not for loan Collection code Permanent Location Current Location Shelving location Date acquired Source of acquisition Inventory number Full call number Barcode Koha item type
        Lending Collection IBSL Library IBSL Library Lending Section 30/04/2026 Donation 10880 909 OBE 10880 Lending Book
Copyright © 2024 IBSL Library, All rights reserved.
mail to: library@ibsl.lk | Contact: 0112425735 | Library Address: IBSL Library, 80A, Elvitigala Mawatha, Colombo 008